000 00363cam a2200181ua 4500
001 132
008 120728n II |||gr||||Z||||||eng
040 _aMAIN
041 _aEnglish
082 _a823 SEN
100 _aSEN.
245 _aPYGMALION
260 _a[s.l]:
_bXXX
300 _a000.:
_c18CM.
653 _aEnglish fiction
700 _aDAS.
942 _cBK
999 _c132
_d132